000
00284nam a2200109Ia 4500
008
230907s9999||||xx |||||||||||||| ||und||
082
_a
531.1134,IRG
100
_a
Irgens, Fridtjov,
_9
115140
245
0
_a
Rheology and non-Newtonian fluids /
300
_a
ix, 190 pages :
942
_c
BK
999
_c
597703
_d
597703